| 000 | 01042nam a22002297a 4500 | ||
|---|---|---|---|
| 005 | 20240919145012.0 | ||
| 010 | _aHIN-128438 | ||
| 020 |
_a9789395160964 _c775.00 |
||
| 035 | _aHN-100784 | ||
| 037 | _bDBAD | ||
| 082 | _a820.8 | ||
| 100 |
_aसोनी, मदन _971785 |
||
| 245 |
_aकविता का व्योम और व्योम की कविता/ _cमदन सोनी; अशोक वाजपेयी और पियूष दईया द्वारा संपादित |
||
| 250 | _aप्रथम | ||
| 260 |
_aनोएडा, उ. प्र. _bसेतु प्रकाशन _c2023 |
||
| 270 |
_aसी-21, सेक्टर-65 _bनोएडा, उ. प्र. _e201301 _msetuprakashan@gmail.com |
||
| 300 |
_a260 पृ. _c21 सेमी. (सजिल्द) |
||
| 650 |
_aहिन्दी _971786 |
||
| 700 |
_aवाजपेयी, अशोक _971787 |
||
| 700 |
_aदईया, पियूष _971788 |
||
| 942 |
_2ddc _cHN _h820.8 _mसोनीम |
||
| 999 |
_c205833 _d205833 |
||